00603cam a22002053a 450000100060000000300060000600500170001200800410002904000150007004200070008505000070009210000320009924500930013126000290022450600300025351600200028365300230030383000290032685600420035526189PGUSA20140828083550.0080804s2008||||xxu|||||s|||||000 1 eng d aPGUSAbeng adc 4aPS1 aGarland, Hamlin,d1860-194012aA Spoil of Office :bA Story of the Modern Westh[electronic resource] /cHamlin Garland bProject Gutenberg,c2008 aPublic domain in the USA. aElectronic text aFarmers -- Fiction 0aProject Gutenbergv2618940uhttp://www.gutenberg.org/ebooks/26189